|
|
|
|
| LEADER |
00000nam0a2200000 4500 |
| 001 |
42252 |
| 005 |
20231031015210.0 |
| 010 |
|
|
|a 9856577608
|
| 035 |
|
|
|a (RuTPU)RU\TPU\book\43503
|
| 090 |
|
|
|a 42252
|
| 100 |
|
|
|a 20020827d2001 m y0rusy50 ca
|
| 101 |
0 |
|
|a rus
|
| 102 |
|
|
|a BY
|
| 105 |
|
|
|a y g 001zy
|
| 200 |
1 |
|
|a Справочник по высшей математике
|f А. А. Гусак, Г. М. Гусак , Е. А. Бричикова
|
| 205 |
|
|
|a 3-е изд., стереотип
|
| 210 |
|
|
|a Минск
|c ТетраСистемс
|d 2001
|
| 215 |
|
|
|a 640 с.
|
| 320 |
|
|
|a Библиогр.: с. 601-626
|
| 610 |
1 |
|
|a математика
|
| 610 |
1 |
|
|a геометрия
|
| 610 |
1 |
|
|a аналитическая геометрия
|
| 610 |
1 |
|
|a векторы
|
| 610 |
1 |
|
|a поверхности
|
| 610 |
1 |
|
|a линии
|
| 610 |
1 |
|
|a алгебра
|
| 610 |
1 |
|
|a матрицы
|
| 610 |
1 |
|
|a определители
|
| 610 |
1 |
|
|a линейные уравнения
|
| 610 |
1 |
|
|a комплексные числа
|
| 610 |
1 |
|
|a алгебраические уравнения
|
| 610 |
1 |
|
|a группы
|
| 610 |
1 |
|
|a функции
|
| 610 |
1 |
|
|a пределы
|
| 610 |
1 |
|
|a производные
|
| 610 |
1 |
|
|a дифференциалы
|
| 610 |
1 |
|
|a интегралы
|
| 610 |
1 |
|
|a числовые ряды
|
| 610 |
1 |
|
|a векторный анализ
|
| 610 |
1 |
|
|a тензорный анализ
|
| 610 |
1 |
|
|a численные методы
|
| 610 |
1 |
|
|a случайные события
|
| 610 |
1 |
|
|a случайные величины
|
| 610 |
1 |
|
|a математическая статистика
|
| 610 |
1 |
|
|a функции комплексной прямой
|
| 610 |
1 |
|
|a операционное исчисление
|
| 610 |
1 |
|
|a справочники
|
| 675 |
|
|
|a 51(03)
|v 3
|
| 700 |
|
1 |
|a Гусак
|b А. А.
|g Алексей Абрамович
|
| 701 |
|
1 |
|a Гусак
|b Г. М.
|g Галина Максимовна
|
| 701 |
|
1 |
|a Бричикова
|b Е. А.
|g Елена Алексеевна
|
| 801 |
|
1 |
|a RU
|b 63413507
|c 20020827
|g PSBO
|
| 801 |
|
2 |
|a RU
|b 63413507
|c 20200825
|g PSBO
|
| 942 |
|
|
|c BK
|